Solubility and pH calculations ; the mathematics of the simplest ionic equilibria.

Bibliographic Details
Main Author: Butler, James N. (James Newton), 1934-
Format: Book
Language:English
Published: Reading, Mass. : Addison-Wesley Pub. Co., [1964]
Series:Addison-Wesley series in the principles of chemistry.
Subjects:

MARC

Tag First Indicator Second Indicator Subfields
LEADER 00000cam a22000001 4500
001 in00000045892
005 20151007075334.0
008 730208s1964 maua b 00000 eng
010 |a  64015563  
019 |a 318313169 
035 |a (OCoLC)00253379 
035 |9 AAF3042AM 
040 |a DLC  |c DLC  |d TXA  |d UtOrBLW 
049 |a TXAM  |c [400548] 
050 0 0 |a QD42  |b .B87 
082 0 0 |a 541.372 
090 |a QD42  |b .B87 1964 
092 |a 541.372  |b B985s, 1964 
100 1 |a Butler, James N.  |q (James Newton),  |d 1934- 
245 1 0 |a Solubility and pH calculations ;  |b the mathematics of the simplest ionic equilibria. 
264 1 |a Reading, Mass. :  |b Addison-Wesley Pub. Co.,  |c [1964] 
300 |a viii, 104 pages :  |b diagrams, tables. ;  |c 24 cm. 
336 |a text  |b txt  |2 rdacontent 
337 |a unmediated  |b n  |2 rdamedia 
338 |a volume  |b nc  |2 rdacarrier 
490 1 |a Addison-Wesley series in the principles of chemistry 
504 |a Bibliography: page 91. 
650 0 |a Ionic equilibrium. 
650 0 |a Chemistry  |v Problems, exercises, etc. 
830 0 |a Addison-Wesley series in the principles of chemistry. 
999 |a MARS 
999 f f |s fe48d71f-502d-365e-9745-3feacf8d417e  |i 101f59c1-3e77-3044-b8e1-8979b4592be5  |t 0 
952 f f |p ric  |a Texas A&M University  |b Rellis Campus  |c Joint Library Facility  |s JLF  |d Remote Storage  |t 0  |e QD42 .B87 1964  |h Library of Congress classification  |i unmediated -- volume  |m A14800937466 
952 f f |p ric  |a Texas A&M University  |b Rellis Campus  |c Joint Library Facility  |s JLF  |d Remote Storage  |t 0  |e QD42 .B87  |h Library of Congress classification  |i unmediated -- volume  |m A14831658053 
998 f f |a QD42 .B87 1964  |t 0  |l Remote Storage 
998 f f |a QD42 .B87  |t 0  |l Remote Storage